[Event "European Individual Championship - Reyk"]
[Site "Reykjavik, Iceland"]
[Date "2021.08.27"]
[Round "2.15"]
[White "Hovhannisyan, Robert"]
[Black "Druska, Juraj"]
[Result "1-0"]
[WhiteElo "2626"]
[BlackElo "2493"]
[PlyCount "83"]
[EventDate "2021.??.??"]

1. e4 {[%emt 6:27:05]} e6 {[%emt 0:00:08]} 2. d4 {[%emt 0:00:15]} d5 {[%emt 0:
00:07]} 3. Nc3 {[%emt 0:00:14]} Nf6 {[%emt 0:00:14]} 4. Bg5 {[%emt 0:00:33]}
dxe4 {[%emt 0:00:08]} 5. Nxe4 {[%emt 0:00:06]} Nbd7 {[%emt 0:00:15]} 6. Nf3 {
[%emt 0:01:13]} h6 {[%emt 0:00:09]} 7. Bxf6 {[%emt 0:01:20]} Nxf6 {[%emt 0:00:
09]} 8. Bd3 {[%emt 0:00:04]} Nxe4 {[%emt 0:00:22]} 9. Bxe4 {[%emt 0:00:06]} c5
{[%emt 0:00:07]} 10. Qe2 {[%emt 0:00:59]} Qa5+ {[%emt 0:00:07]} 11. c3 {
[%emt 0:00:37]} cxd4 {[%emt 0:00:06]} 12. Nxd4 {[%emt 0:01:36]} Be7 {[%emt 0:
00:09]} 13. Nc6 {[%emt 0:04:10]} Qc7 {[%emt 0:00:20]} 14. Nxe7 {[%emt 0:00:46]}
Kxe7 {[%emt 0:00:08]} 15. O-O-O {[%emt 0:05:27]} Bd7 {[%emt 0:00:09]} 16. Rd2 {
[%emt 0:03:42]} Rhd8 {[%emt 0:03:52]} 17. Qg4 {[%emt 0:06:55]} Kf8 {[%emt 0:01:
20]} 18. Rhd1 {[%emt 0:02:38]} Bc6 {[%emt 0:22:06]} 19. Rd4 {[%emt 0:25:26]}
Rxd4 20. Rxd4 Rd8 {[%emt 0:00:06]} 21. Rxd8+ Qxd8 {[%emt 0:00:08]} 22. Bxc6 {
[%emt 0:00:08]} bxc6 {[%emt 0:00:06]} 23. Kc2 {[%emt 0:01:25]} Qb6 {[%emt 0:18:
12]} 24. Qd4 {[%emt 0:09:49]} Qxd4 {[%emt 0:18:19]} 25. cxd4 {[%emt 0:00:05]}
Ke7 {[%emt 0:00:04]} 26. Kc3 {[%emt 0:03:22]} Kd6 {[%emt 0:00:05]} 27. Kc4 {
[%emt 0:00:36]} g5 {[%emt 0:00:09]} 28. f3 {[%emt 0:09:58]} h5 {[%emt 0:29:19]}
29. g3 {[%emt 0:12:53]} e5 {[%emt 0:03:34]} 30. b4 {[%emt 0:07:07]} f5 {
[%emt 0:01:19]} 31. Kd3 {[%emt 0:02:24]} Kd5 {[%emt 0:00:01]} 32. dxe5 {
[%emt 0:00:06]} Kxe5 33. Ke3 {[%emt 0:00:10]} Kd5 {[%emt 0:00:47]} 34. f4 {
[%emt 0:01:08]} gxf4+ {[%emt 0:02:38]} 35. Kxf4 {[%emt 0:00:02]} Kc4 {[%emt 0:
00:02]} 36. Kxf5 {[%emt 0:00:10]} Kxb4 37. Ke4 {[%emt 0:01:00]} Kc3 {[%emt 0:
00:15]} 38. h4 {[%emt 0:00:47]} c5 {[%emt 0:02:40]} 39. g4 {[%emt 0:00:05]}
hxg4 {[%emt 0:00:30]} 40. h5 {[%emt 0:00:06]} g3 {[%emt 0:00:36]} 41. Kf3 {
[%emt 0:00:44]} g2 {[%emt 0:01:02]} 42. Kxg2 {[%emt 0:00:17]} 1-0

[Event "European Individual Championship - Reyk"]
[Site "Reykjavik, Iceland"]
[Date "2021.08.27"]
[Round "2.16"]
[White "Budisavljevic, Luka"]
[Black "Durarbayli, Vasif"]
[Result "1/2-1/2"]
[WhiteElo "2495"]
[BlackElo "2625"]
[PlyCount "133"]
[EventDate "2021.??.??"]

1. d4 {[%emt 0:00:09]} Nf6 {[%emt 0:00:21]} 2. c4 {[%emt 0:00:03]} e6 {[%emt 0:
00:16]} 3. Nf3 {[%emt 0:00:12]} b6 {[%emt 0:00:08]} 4. Bf4 {[%emt 0:00:18]} Bb7
{[%emt 0:07:41]} 5. e3 {[%emt 0:00:15]} Bb4+ {[%emt 0:05:35]} 6. Nfd2 {[%emt 0:
00:07]} O-O {[%emt 0:04:29]} 7. a3 {[%emt 0:00:08]} Bd6 {[%emt 0:01:26]} 8.
Bxd6 {[%emt 0:15:28]} cxd6 {[%emt 0:00:06]} 9. Nc3 {[%emt 0:00:19]} Qe7 {
[%emt 0:04:50]} 10. Qc2 {[%emt 0:15:10]} d5 {[%emt 0:07:31]} 11. cxd5 {[%emt 0:
09:57]} Nxd5 {[%emt 0:00:20]} 12. Nxd5 {[%emt 0:01:01]} Bxd5 {[%emt 0:00:27]}
13. e4 {[%emt 0:00:48]} Bb7 {[%emt 0:03:31]} 14. Qc7 {[%emt 0:09:39]} Bc6 {
[%emt 0:00:39]} 15. Bd3 {[%emt 0:01:01]} f5 {[%emt 0:05:08]} 16. O-O {[%emt 0:
02:07]} fxe4 {[%emt 0:01:07]} 17. Nxe4 {[%emt 0:06:41]} Bd5 {[%emt 0:01:41]}
18. Nc3 {[%emt 0:04:46]} Nc6 {[%emt 0:00:08]} 19. Nxd5 {[%emt 0:01:20]} exd5 {
[%emt 0:00:04]} 20. Rae1 {[%emt 0:07:55]} Qf7 {[%emt 0:02:12]} 21. Rd1 {
[%emt 0:00:16]} Rae8 {[%emt 0:01:59]} 22. Qg3 {[%emt 0:03:38]} Re6 {[%emt 0:01:
06]} 23. b4 {[%emt 0:04:29]} Qf6 {[%emt 0:04:43]} 24. Bb1 {[%emt 0:02:12]} Nxd4
{[%emt 0:02:25]} 25. Qd3 {[%emt 0:02:13]} Ne2+ {[%emt 0:13:06]} 26. Kh1 {
[%emt 0:00:02]} Qh4 {[%emt 0:00:04]} 27. Ba2 {[%emt 0:04:04]} Nf4 {[%emt 0:04:
27]} 28. Qg3 {[%emt 0:03:33]} Qh5 {[%emt 0:00:16]} 29. Rfe1 {[%emt 0:03:07]}
Rf5 {[%emt 0:05:31]} 30. f3 {[%emt 0:03:00]} h6 {[%emt 0:05:08]} 31. Qf2 {
[%emt 0:00:35]} Rxe1+ {[%emt 0:00:53]} 32. Qxe1 {[%emt 0:01:02]} Nxg2 {[%emt 0:
03:12]} 33. Rxd5 {[%emt 0:00:36]} Rxd5 {[%emt 0:00:09]} 34. Kxg2 {[%emt 0:00:
41]} Kf8 {[%emt 0:00:20]} 35. Bxd5 {[%emt 0:00:08]} Qxd5 {[%emt 0:00:04]} 36.
Qc3 {[%emt 0:00:23]} a5 {[%emt 0:01:55]} 37. bxa5 {[%emt 0:00:36]} bxa5 {
[%emt 0:01:04]} 38. Kf2 {[%emt 0:00:41]} Kf7 {[%emt 0:00:05]} 39. Qe3 {[%emt 0:
00:32]} d6 {[%emt 0:03:17]} 40. Qf4+ {[%emt 0:00:27]} Ke7 {[%emt 0:00:07]} 41.
Qh4+ {[%emt 0:04:46]} Qg5 {[%emt 0:01:01]} 42. Qa4 {[%emt 0:02:01]} Qd2+ {
[%emt 0:02:57]} 43. Kg3 {[%emt 0:01:49]} Qe1+ {[%emt 0:00:06]} 44. Kg2 {
[%emt 0:00:17]} Qe2+ {[%emt 0:00:05]} 45. Kg3 {[%emt 0:00:18]} Qe5+ {[%emt 0:
00:05]} 46. Kg2 {[%emt 0:00:43]} Kf6 {[%emt 0:05:12]} 47. Qb3 {[%emt 0:02:46]}
Qe2+ {[%emt 0:01:44]} 48. Kg3 {[%emt 0:00:21]} h5 {[%emt 0:00:40]} 49. Qa4 {
[%emt 0:11:15]} Qe1+ {[%emt 0:04:17]} 50. Kg2 {[%emt 0:00:09]} Qd2+ {[%emt 0:
00:03]} 51. Kf1 {[%emt 0:04:10]} g5 {[%emt 0:02:01]} 52. h4 {[%emt 0:02:49]}
Qd5 {[%emt 0:08:35]} 53. hxg5+ Kxg5 54. Kg2 Qd2+ 55. Kh3 Qe1 56. Kg2 {[%emt 0:
01:11]} d5 {[%emt 0:01:38]} 57. Qd4 {[%emt 0:00:41]} Qe6 {[%emt 0:03:21]} 58.
Qd2+ {[%emt 0:00:05]} Kf5 {[%emt 0:00:02]} 59. Qd3+ {[%emt 0:01:12]} Kf6 {
[%emt 0:00:53]} 60. Qc3+ {[%emt 0:00:06]} Qe5 {[%emt 0:00:24]} 61. Qxa5 {
[%emt 0:00:10]} Qe2+ {[%emt 0:01:44]} 62. Kg3 {[%emt 0:00:08]} h4+ {[%emt 0:00:
03]} 63. Kxh4 {[%emt 0:01:05]} Qxf3 {[%emt 0:00:02]} 64. Qd8+ {[%emt 0:01:09]}
Ke5 {[%emt 0:00:01]} 65. Qe7+ {[%emt 0:00:23]} Kd4 {[%emt 0:00:01]} 66. Qb4+ {
[%emt 0:00:21]} Ke5 {[%emt 0:00:16]} 67. Qe7+ {[%emt 0:00:04]} 1/2-1/2

[Event "European Individual Championship - Reyk"]
[Site "Reykjavik, Iceland"]
[Date "2021.08.27"]
[Round "2.17"]
[White "Ter-Sahakyan, Samvel"]
[Black "Kobo, Ori"]
[Result "1/2-1/2"]
[WhiteElo "2624"]
[BlackElo "2490"]
[PlyCount "88"]
[EventDate "2021.??.??"]

1. e4 e5 {[%emt 0:00:11]} 2. Nf3 {[%emt 0:00:22]} Nc6 {[%emt 0:00:10]} 3. Bb5 {
[%emt 0:00:41]} a6 {[%emt 0:00:36]} 4. Ba4 Nf6 {[%emt 0:00:01]} 5. O-O {
[%emt 0:00:15]} Be7 {[%emt 0:00:16]} 6. Re1 {[%emt 0:00:23]} b5 {[%emt 0:00:16]
} 7. Bb3 {[%emt 0:00:06]} O-O {[%emt 0:00:16]} 8. a4 {[%emt 0:01:51]} Bb7 {
[%emt 0:00:18]} 9. d3 {[%emt 0:02:30]} d6 {[%emt 0:00:34]} 10. Nc3 {[%emt 0:04:
46]} Na5 {[%emt 0:00:39]} 11. Ba2 {[%emt 0:00:40]} b4 {[%emt 0:00:33]} 12. Ne2
{[%emt 0:00:11]} c5 {[%emt 0:00:12]} 13. c3 {[%emt 0:02:17]} Qb6 {[%emt 0:01:
15]} 14. cxb4 {[%emt 0:30:55]} Qxb4 {[%emt 0:00:26]} 15. Ng3 {[%emt 0:02:43]}
Bc8 {[%emt 0:09:40]} 16. Bd2 {[%emt 0:01:19]} Qb6 {[%emt 0:00:24]} 17. Nh4 {
[%emt 0:00:57]} g6 {[%emt 0:04:52]} 18. Nf3 {[%emt 0:03:19]} Ne8 {[%emt 0:11:
00]} 19. Nf1 {[%emt 0:12:44]} Nc6 {[%emt 0:05:32]} 20. Bh6 {[%emt 0:03:29]} Ng7
{[%emt 0:00:21]} 21. Ne3 {[%emt 0:00:19]} Rb8 {[%emt 0:08:52]} 22. Bc4 {
[%emt 0:10:11]} Qd8 {[%emt 0:07:46]} 23. b3 {[%emt 0:01:48]} Re8 {[%emt 0:07:
54]} 24. Nd5 {[%emt 0:01:36]} Ne6 {[%emt 0:01:38]} 25. Bd2 {[%emt 0:01:58]} Nc7
{[%emt 0:06:29]} 26. Bc3 {[%emt 0:07:15]} Nxd5 {[%emt 0:06:35]} 27. Bxd5 {
[%emt 0:00:11]} Nb4 {[%emt 0:00:41]} 28. Bc4 {[%emt 0:00:58]} Bg5 {[%emt 0:08:
15]} 29. h3 {[%emt 0:04:34]} Bh6 {[%emt 0:02:50]} 30. Nh2 {[%emt 0:00:40]} Be6
{[%emt 0:02:43]} 31. Ng4 {[%emt 0:01:47]} Bg5 {[%emt 0:00:47]} 32. Re2 {
[%emt 0:01:07]} h5 {[%emt 0:01:46]} 33. Ne3 {[%emt 0:00:08]} Bxe3 {[%emt 0:00:
21]} 34. Rxe3 {[%emt 0:00:45]} d5 {[%emt 0:05:26]} 35. exd5 {[%emt 0:01:29]}
Nxd5 {[%emt 0:00:06]} 36. Bxd5 {[%emt 0:00:30]} Bxd5 {[%emt 0:00:41]} 37. Rb1 {
[%emt 0:01:56]} Qg5 {[%emt 0:04:40]} 38. Rg3 {[%emt 0:00:06]} Qf5 {[%emt 0:00:
18]} 39. Re3 {[%emt 0:01:35]} h4 {[%emt 0:01:54]} 40. Qg4 {[%emt 0:01:17]} Qxg4
{[%emt 0:00:38]} 41. hxg4 {[%emt 0:00:04]} f6 {[%emt 0:05:31]} 42. g5 {[%emt 0:
04:22]} fxg5 {[%emt 0:00:23]} 43. Rxe5 {[%emt 0:00:26]} Rxe5 {[%emt 0:00:13]}
44. Bxe5 {[%emt 0:00:04]} Rxb3 {[%emt 0:04:59]} 1/2-1/2

[Event "European Individual Championship - Reyk"]
[Site "Reykjavik, Iceland"]
[Date "2021.08.27"]
[Round "2.18"]
[White "Sebenik, Matej"]
[Black "Fridman, Daniel"]
[Result "0-1"]
[WhiteElo "2492"]
[BlackElo "2621"]
[PlyCount "96"]
[EventDate "2021.??.??"]

1. d4 {[%emt 0:00:04]} d5 {[%emt 0:00:45]} 2. c4 {[%emt 0:00:11]} e6 {[%emt 0:
00:05]} 3. Nf3 {[%emt 0:00:22]} Nf6 {[%emt 0:00:16]} 4. Nc3 {[%emt 0:00:33]} c6
{[%emt 0:03:41]} 5. e3 {[%emt 0:00:38]} a6 {[%emt 0:00:06]} 6. b3 {[%emt 0:00:
52]} Bb4 {[%emt 0:00:06]} 7. Bd2 {[%emt 0:00:07]} Nbd7 {[%emt 0:00:06]} 8. Bd3
{[%emt 0:00:33]} O-O 9. O-O {[%emt 0:00:03]} Bd6 {[%emt 0:00:04]} 10. Qc2 {
[%emt 0:01:45]} h6 {[%emt 0:00:13]} 11. Ne2 {[%emt 0:00:52]} Re8 {[%emt 0:12:
56]} 12. Ng3 {[%emt 0:01:55]} e5 {[%emt 0:12:32]} 13. cxd5 {[%emt 0:02:29]}
cxd5 {[%emt 0:01:34]} 14. dxe5 {[%emt 0:00:21]} Nxe5 {[%emt 0:00:27]} 15. Nxe5
{[%emt 0:04:14]} Bxe5 {[%emt 0:01:17]} 16. Bc3 {[%emt 0:05:40]} Qc7 {[%emt 0:
13:50]} 17. Rac1 {[%emt 0:05:38]} Bd7 {[%emt 0:02:23]} 18. Bxe5 {[%emt 0:19:10]
} Qxe5 {[%emt 0:00:10]} 19. Qc3 {[%emt 0:13:51]} Qxc3 {[%emt 0:04:18]} 20. Rxc3
{[%emt 0:00:04]} Rac8 {[%emt 0:00:08]} 21. Rfc1 {[%emt 0:12:14]} Rxc3 {[%emt 0:
01:50]} 22. Rxc3 {[%emt 0:00:13]} d4 {[%emt 0:16:51]} 23. exd4 {[%emt 0:01:43]}
Re1+ {[%emt 0:00:05]} 24. Bf1 {[%emt 0:00:26]} Ra1 {[%emt 0:01:55]} 25. Rc7 {
[%emt 0:21:17]} b5 {[%emt 0:01:53]} 26. f3 {[%emt 0:00:26]} Rxa2 {[%emt 0:02:
50]} 27. Ne4 {[%emt 0:00:28]} Be6 {[%emt 0:00:42]} 28. Nc5 {[%emt 0:06:14]} Nd5
{[%emt 0:00:21]} 29. Ra7 {[%emt 0:00:03]} Nb4 {[%emt 0:00:13]} 30. Nd3 {
[%emt 0:01:02]} Nc6 {[%emt 0:02:28]} 31. Ra8+ {[%emt 0:00:04]} Kh7 {[%emt 0:00:
06]} 32. Nc5 {[%emt 0:00:12]} Nxd4 {[%emt 0:01:14]} 33. Nxe6 {[%emt 0:01:13]}
fxe6 {[%emt 0:00:24]} 34. Bd3+ {[%emt 0:00:04]} g6 {[%emt 0:00:07]} 35. Ra7+ {
[%emt 0:01:10]} Kh8 {[%emt 0:00:56]} 36. b4 {[%emt 0:01:49]} Rb2 {[%emt 0:15:
26]} 37. Bxg6 {[%emt 0:00:33]} Rxb4 {[%emt 0:00:07]} 38. Rxa6 {[%emt 0:00:35]}
Rb2 {[%emt 0:00:57]} 39. Be4 {[%emt 0:00:33]} b4 {[%emt 0:01:46]} 40. Ra7 {
[%emt 0:00:09]} b3 {[%emt 0:01:14]} 41. h4 {[%emt 0:18:00]} Ne2+ {[%emt 0:06:
57]} 42. Kf2 {[%emt 0:02:51]} Nc3+ {[%emt 0:01:31]} 43. Kg3 {[%emt 0:01:20]}
Re2 {[%emt 0:02:30]} 44. Rb7 {[%emt 0:01:11]} b2 {[%emt 0:00:08]} 45. Bg6 {
[%emt 0:01:47]} e5 {[%emt 0:01:48]} 46. Bd3 {[%emt 0:02:05]} Rd2 {[%emt 0:00:
24]} 47. Bf5 {[%emt 0:08:26]} h5 48. Kh3 Ne2 0-1

[Event "European Individual Championship - Reyk"]
[Site "Reykjavik, Iceland"]
[Date "2021.08.27"]
[Round "2.19"]
[White "Maurizzi, Marc Andria"]
[Black "Svane, Rasmus"]
[Result "0-1"]
[WhiteElo "2488"]
[BlackElo "2615"]
[PlyCount "46"]
[EventDate "2021.??.??"]

1. e4 {[%emt 0:00:23]} e5 {[%emt 0:00:19]} 2. Nf3 {[%emt 0:00:23]} Nc6 {
[%emt 0:00:07]} 3. Bb5 {[%emt 0:01:26]} a6 {[%emt 0:00:15]} 4. Ba4 {[%emt 0:00:
41]} Nf6 {[%emt 0:00:16]} 5. d3 {[%emt 0:02:03]} Bc5 {[%emt 0:02:41]} 6. Bg5 {
[%emt 0:08:00]} h6 {[%emt 0:07:59]} 7. Bh4 {[%emt 0:00:13]} d6 {[%emt 0:04:05]}
8. c3 {[%emt 0:02:10]} g5 {[%emt 0:01:28]} 9. Bg3 {[%emt 0:01:49]} Ba7 {
[%emt 0:05:41]} 10. Nbd2 {[%emt 0:03:33]} Bd7 {[%emt 0:05:43]} 11. Nf1 {
[%emt 0:11:32]} Ne7 {[%emt 0:07:44]} 12. Ne3 {[%emt 0:04:30]} Bxa4 {[%emt 0:02:
31]} 13. Qxa4+ {[%emt 0:00:11]} Qd7 {[%emt 0:01:19]} 14. Qb3 {[%emt 0:08:57]}
O-O-O {[%emt 0:17:05]} 15. Qxf7 {[%emt 0:06:46]} Rdf8 {[%emt 0:00:58]} 16. Qb3
{[%emt 0:00:09]} h5 {[%emt 0:05:44]} 17. h4 {[%emt 0:05:49]} Bxe3 {[%emt 0:01:
32]} 18. fxe3 {[%emt 0:05:49]} Qg4 {[%emt 0:04:25]} 19. Rh3 {[%emt 0:03:55]}
Nxe4 {[%emt 0:09:58]} 20. Nxe5 {[%emt 0:08:43]} Qf5 {[%emt 0:02:47]} 21. Nf3 {
[%emt 0:01:06]} Nc5 {[%emt 0:00:43]} 22. Qc4 {[%emt 0:00:25]} g4 {[%emt 0:03:
25]} 23. e4 {[%emt 0:00:10]} Qe6 {[%emt 0:00:56]} 0-1

[Event "European Individual Championship - Reyk"]
[Site "Reykjavik, Iceland"]
[Date "2021.08.27"]
[Round "2.20"]
[White "Erdos, Viktor"]
[Black "Vrolijk, Liam"]
[Result "1-0"]
[WhiteElo "2614"]
[BlackElo "2480"]
[PlyCount "93"]
[EventDate "2021.??.??"]

1. e4 {[%emt 0:04:00]} e5 {[%emt 0:00:57]} 2. Nf3 {[%emt 0:00:06]} Nc6 {
[%emt 0:00:06]} 3. Bc4 {[%emt 0:00:04]} Bc5 {[%emt 0:00:43]} 4. c3 {[%emt 0:00:
06]} Nf6 {[%emt 0:00:06]} 5. d4 {[%emt 0:00:14]} exd4 {[%emt 0:00:11]} 6. e5 {
[%emt 0:00:05]} d5 {[%emt 0:00:18]} 7. Bb5 {[%emt 0:00:14]} Ne4 {[%emt 0:00:16]
} 8. cxd4 {[%emt 0:00:06]} Bb6 {[%emt 0:00:39]} 9. Nc3 {[%emt 0:00:08]} O-O {
[%emt 0:00:45]} 10. Be3 {[%emt 0:00:07]} Bg4 {[%emt 0:05:25]} 11. h3 {[%emt 0:
00:37]} Bh5 {[%emt 0:00:12]} 12. Qc2 {[%emt 0:00:28]} Bg6 {[%emt 0:01:05]} 13.
Qb3 {[%emt 0:00:11]} Ne7 {[%emt 0:01:15]} 14. O-O {[%emt 0:00:17]} c6 {[%emt 0:
02:07]} 15. Bd3 {[%emt 0:00:20]} Nd2 {[%emt 0:01:02]} 16. Nxd2 {[%emt 0:00:12]}
Bxd3 {[%emt 0:00:08]} 17. Rfe1 {[%emt 0:00:06]} Bg6 {[%emt 0:08:08]} 18. Na4 {
[%emt 0:00:57]} Nf5 {[%emt 0:05:00]} 19. Nf3 {[%emt 0:02:10]} Qc7 {[%emt 0:13:
52]} 20. Rac1 Rad8 {[%emt 0:09:55]} 21. Nxb6 {[%emt 0:05:44]} axb6 {[%emt 0:09:
09]} 22. Bg5 {[%emt 0:07:15]} f6 {[%emt 0:08:26]} 23. Bf4 {[%emt 0:02:41]} b5 {
[%emt 0:11:50]} 24. Qb4 {[%emt 0:23:11]} fxe5 {[%emt 0:09:32]} 25. Bxe5 {
[%emt 0:02:54]} Qd7 {[%emt 0:02:18]} 26. a4 {[%emt 0:10:00]} bxa4 {[%emt 0:00:
33]} 27. Qxa4 {[%emt 0:00:04]} Ra8 {[%emt 0:02:08]} 28. Qb4 {[%emt 0:01:26]}
Rfe8 {[%emt 0:00:31]} 29. Ra1 {[%emt 0:03:09]} b5 {[%emt 0:06:59]} 30. Qc5 {
[%emt 0:01:30]} Qb7 {[%emt 0:01:41]} 31. Kh2 {[%emt 0:11:43]} Rxa1 {[%emt 0:02:
39]} 32. Rxa1 {[%emt 0:00:02]} Ra8 {[%emt 0:00:11]} 33. Rxa8+ {[%emt 0:03:03]}
Qxa8 {[%emt 0:00:08]} 34. Qb6 {[%emt 0:00:26]} Qe8 {[%emt 0:02:13]} 35. Qc7 {
[%emt 0:00:13]} Bf7 {[%emt 0:01:49]} 36. Nd2 {[%emt 0:06:46]} Be6 {[%emt 0:01:
36]} 37. Nb3 {[%emt 0:01:50]} Qc8 {[%emt 0:00:28]} 38. Qa7 {[%emt 0:00:19]} Qd7
{[%emt 0:00:23]} 39. Qb6 {[%emt 0:00:18]} h6 {[%emt 0:00:56]} 40. Nc5 {[%emt 0:
02:15]} Qc8 {[%emt 0:00:17]} 41. Na6 {[%emt 0:04:47]} Ne7 {[%emt 0:05:45]} 42.
Nb8 {[%emt 0:04:18]} Bf7 {[%emt 0:02:46]} 43. Qc5 {[%emt 0:16:24]} Qd8 {
[%emt 0:06:51]} 44. Qd6 {[%emt 0:02:10]} Qe8 {[%emt 0:11:12]} 45. Nd7 Nc8 {
[%emt 0:01:32]} 46. Qxc6 {[%emt 0:02:30]} Nb6 {[%emt 0:00:52]} 47. Nf6+ {
[%emt 0:00:45]} 1-0

[Event "European Individual Championship - Reyk"]
[Site "Reykjavik, Iceland"]
[Date "2021.08.27"]
[Round "2.21"]
[White "Gavrilescu, David"]
[Black "Bartel, Mateusz"]
[Result "1/2-1/2"]
[WhiteElo "2477"]
[BlackElo "2611"]
[PlyCount "64"]
[EventDate "2021.??.??"]

1. e4 {[%emt 0:00:06]} c6 {[%emt 0:00:34]} 2. Nf3 {[%emt 0:00:56]} d5 3. d3 {
[%emt 0:00:30]} g6 {[%emt 0:00:08]} 4. e5 {[%emt 0:00:52]} Bg7 {[%emt 0:00:17]}
5. d4 {[%emt 0:00:38]} f6 {[%emt 0:00:07]} 6. exf6 {[%emt 0:02:49]} Nxf6 {
[%emt 0:00:06]} 7. Bd3 {[%emt 0:00:41]} O-O {[%emt 0:02:44]} 8. O-O {[%emt 0:
01:37]} c5 {[%emt 0:00:10]} 9. dxc5 {[%emt 0:05:16]} Nc6 {[%emt 0:01:13]} 10.
c4 {[%emt 0:06:56]} d4 {[%emt 0:00:29]} 11. a3 {[%emt 0:06:38]} a5 {[%emt 0:25:
40]} 12. Nbd2 {[%emt 0:05:06]} Bf5 {[%emt 0:00:17]} 13. Qe2 {[%emt 0:04:40]}
Nd7 {[%emt 0:03:14]} 14. Ne4 {[%emt 0:17:08]} Bg4 {[%emt 0:06:49]} 15. Neg5 {
[%emt 0:02:09]} Nce5 {[%emt 0:06:04]} 16. Be4 {[%emt 0:04:09]} Nxc5 {[%emt 0:
03:23]} 17. Bd5+ {[%emt 0:02:21]} e6 {[%emt 0:00:10]} 18. Nxe6 {[%emt 0:01:11]}
Nxf3+ {[%emt 0:06:59]} 19. gxf3 {[%emt 0:01:08]} Bxe6 {[%emt 0:00:03]} 20.
Bxe6+ {[%emt 0:00:11]} Kh8 {[%emt 0:01:40]} 21. Bd5 {[%emt 0:02:42]} Nb3 {
[%emt 0:08:26]} 22. Rb1 {[%emt 0:04:47]} Nxc1 {[%emt 0:01:22]} 23. Rfxc1 {
[%emt 0:03:14]} Qh4 {[%emt 0:08:11]} 24. Re1 {[%emt 0:12:05]} Rf5 {[%emt 0:00:
07]} 25. Qe7 {[%emt 0:02:05]} Qh5 {[%emt 0:05:12]} 26. Kh1 {[%emt 0:05:44]}
Raf8 {[%emt 0:04:20]} 27. Rg1 {[%emt 0:01:06]} Rxd5 {[%emt 0:06:18]} 28. cxd5 {
[%emt 0:00:09]} Qxf3+ {[%emt 0:00:04]} 29. Rg2 {[%emt 0:00:18]} Qxd5 {[%emt 0:
00:01]} 30. Rc1 {[%emt 0:04:22]} d3 {[%emt 0:05:37]} 31. Rc7 {[%emt 0:02:04]}
Rg8 {[%emt 0:01:00]} 32. Rd7 {[%emt 0:00:41]} Qc6 {[%emt 0:00:21]} 1/2-1/2

[Event "European Individual Championship - Reyk"]
[Site "Reykjavik, Iceland"]
[Date "2021.08.27"]
[Round "2.22"]
[White "Kjartansson, Gudmundur"]
[Black "Piorun, Kacper"]
[Result "0-1"]
[WhiteElo "2470"]
[BlackElo "2608"]
[PlyCount "146"]
[EventDate "2021.??.??"]

1. d4 {[%emt 0:00:13]} Nf6 {[%emt 0:00:17]} 2. c4 {[%emt 0:00:04]} e6 {[%emt 0:
00:06]} 3. Nf3 {[%emt 0:00:10]} b6 {[%emt 0:00:32]} 4. g3 {[%emt 0:00:52]} Ba6
{[%emt 0:01:03]} 5. Qc2 {[%emt 0:01:22]} Bb7 {[%emt 0:02:07]} 6. Bg2 {[%emt 0:
00:07]} Bb4+ {[%emt 0:03:18]} 7. Nbd2 {[%emt 0:02:56]} Be4 {[%emt 0:02:15]} 8.
Qb3 {[%emt 0:02:49]} a5 {[%emt 0:03:51]} 9. O-O {[%emt 0:00:43]} Bxd2 {[%emt 0:
00:13]} 10. Bxd2 {[%emt 0:05:16]} O-O {[%emt 0:01:01]} 11. Qe3 {[%emt 0:05:53]}
d6 {[%emt 0:15:59]} 12. Bc3 {[%emt 0:00:50]} Nbd7 {[%emt 0:03:48]} 13. Rfd1 {
[%emt 0:01:00]} Qb8 {[%emt 0:03:21]} 14. a4 {[%emt 0:18:12]} Qb7 {[%emt 0:04:
01]} 15. b3 {[%emt 0:00:50]} Ng4 {[%emt 0:17:36]} 16. Qg5 {[%emt 0:11:37]} Ngf6
{[%emt 0:06:06]} 17. Rac1 {[%emt 0:06:45]} h6 {[%emt 0:03:39]} 18. Qd2 {
[%emt 0:07:39]} Rfe8 {[%emt 0:08:30]} 19. Bh3 {[%emt 0:08:16]} Rad8 {[%emt 0:
02:28]} 20. Ne1 {[%emt 0:01:28]} d5 {[%emt 0:01:26]} 21. f3 {[%emt 0:02:48]}
Bh7 {[%emt 0:01:13]} 22. Nd3 {[%emt 0:04:09]} dxc4 {[%emt 0:08:11]} 23. bxc4 {
[%emt 0:00:08]} Qc6 {[%emt 0:00:09]} 24. Qa2 {[%emt 0:03:41]} Bxd3 {[%emt 0:00:
17]} 25. Rxd3 {[%emt 0:00:18]} e5 {[%emt 0:00:12]} 26. d5 {[%emt 0:10:11]} Qc5+
{[%emt 0:00:05]} 27. Kh1 {[%emt 0:00:57]} e4 {[%emt 0:00:20]} 28. Bd4 {[%emt 0:
00:46]} Qd6 {[%emt 0:07:48]} 29. Rdc3 {[%emt 0:00:30]} exf3 {[%emt 0:00:33]}
30. exf3 {[%emt 0:00:12]} Nc5 {[%emt 0:00:25]} 31. f4 {[%emt 0:02:06]} Re4 {
[%emt 0:01:57]} 32. Be5 {[%emt 0:00:41]} Rxe5 33. fxe5 Qxe5 {[%emt 0:00:05]}
34. Rf3 {[%emt 0:00:39]} Re8 {[%emt 0:01:48]} 35. Bg2 {[%emt 0:01:34]} Re7 {
[%emt 0:01:05]} 36. Qa1 {[%emt 0:01:10]} Qe2 {[%emt 0:02:07]} 37. Rxf6 {
[%emt 0:01:28]} Nb3 {[%emt 0:00:30]} 38. Qc3 {[%emt 0:00:38]} Nxc1 {[%emt 0:00:
04]} 39. Rf1 {[%emt 0:00:32]} Nd3 {[%emt 0:00:16]} 40. Qd4 {[%emt 0:00:29]} Ne1
{[%emt 0:01:11]} 41. Rf2 {[%emt 0:05:37]} Qd3 {[%emt 0:01:47]} 42. Qg4 {
[%emt 0:08:29]} Nc2 {[%emt 0:09:38]} 43. h3 {[%emt 0:03:17]} Ne3 {[%emt 0:05:
29]} 44. Qc8+ {[%emt 0:01:50]} Kh7 {[%emt 0:00:05]} 45. Qf8 {[%emt 0:02:17]}
Nf5 {[%emt 0:07:12]} 46. Rf3 Re3 47. Rxe3 Qxe3 48. Qxf7 Qe1+ 49. Kh2 Qxg3+ {
[%emt 0:00:02]} 50. Kh1 {[%emt 0:00:09]} Qe1+ {[%emt 0:00:21]} 51. Kh2 {
[%emt 0:00:05]} Qe5+ {[%emt 0:01:04]} 52. Kg1 {[%emt 0:00:49]} Nh4 {[%emt 0:02:
45]} 53. d6 {[%emt 0:05:33]} Qg5 {[%emt 0:02:14]} 54. Qd5 {[%emt 0:00:20]} Qxd5
{[%emt 0:00:13]} 55. Bxd5 {[%emt 0:05:33]} cxd6 {[%emt 0:00:02]} 56. Be4+ {
[%emt 0:00:24]} g6 {[%emt 0:00:13]} 57. Kf2 {[%emt 0:00:24]} Kg7 {[%emt 0:00:
15]} 58. Ke3 {[%emt 0:00:23]} Nf5+ {[%emt 0:00:14]} 59. Kd3 {[%emt 0:00:35]}
Kf6 {[%emt 0:00:07]} 60. Bc6 {[%emt 0:01:06]} Ke5 {[%emt 0:00:09]} 61. Be8 {
[%emt 0:00:06]} g5 {[%emt 0:00:21]} 62. Bg6 {[%emt 0:00:26]} Nd4 {[%emt 0:00:
45]} 63. Be8 {[%emt 0:00:33]} Ne6 {[%emt 0:00:15]} 64. Ke3 {[%emt 0:00:09]} Nf4
{[%emt 0:00:25]} 65. Bd7 {[%emt 0:00:18]} h5 {[%emt 0:00:08]} 66. Bc8 {[%emt 0:
00:04]} Ne6 {[%emt 0:00:21]} 67. Bd7 {[%emt 0:00:20]} g4 {[%emt 0:00:35]} 68.
hxg4 {[%emt 0:01:01]} hxg4 {[%emt 0:00:03]} 69. Bc6 {[%emt 0:00:39]} Nc5 {
[%emt 0:01:04]} 70. Bb5 {[%emt 0:00:11]} g3 {[%emt 0:00:46]} 71. Kf3 {[%emt 0:
00:11]} Ne4 {[%emt 0:01:12]} 72. Bc6 {[%emt 0:00:24]} Kd4 {[%emt 0:00:12]} 73.
Bd5 {[%emt 0:01:56]} Nc3 {[%emt 0:00:30]} 0-1